ANW8 Qualifying Top 30s - Statistics

General Stats
  • This quiz has been taken 9 times
  • The average score is 87 of 150
Answer Stats
Hint Answer % Correct
Los Angeles Adam Rayl
100%
Los Angeles Alex Smith
100%
Oklahoma City Brian Beckstrand
100%
Philadelphia Chris DiGangi
100%
Oklahoma City Daniel Gil
100%
Oklahoma City David Campbell
100%
Oklahoma City Diron Jones
100%
Philadelphia Eric Torres
100%
Los Angeles Flip Rodriguez
100%
Philadelphia Geoff Britten
100%
Los Angeles Jackson Meyer
100%
Indianapolis Jake Murray
100%
Philadelphia Jamie Rahn
100%
Philadelphia Jesse Labreck
100%
Los Angeles Jessie Graff
100%
Philadelphia Joe Moravsky
100%
Los Angeles Kevin Bull
100%
Los Angeles Liam Buell
100%
Indianapolis Lorin Ball
100%
Philadelphia Michael Torres
100%
Philadelphia Najee Richardson
100%
Atlanta Neil Craver
100%
Philadelphia Rachael Goldstein
100%
Philadelphia Ryan Stratis
100%
Atlanta Shawn Richardson
100%
Oklahoma City Thomas Stillings
100%
Indianapolis Tyler Smith
100%
Indianapolis Adam Arnold
50%
Indianapolis Adam Stroup
50%
Los Angeles Alan Connealy
50%
Oklahoma City Alexander Moran
50%
Indianapolis Alex Bienz
50%
Philadelphia Alex Dell’Aquila
50%
Atlanta Alexio Gomes
50%
Philadelphia Allyssa Beird
50%
Oklahoma City Andrew Lowes
50%
Oklahoma City Andrew Potter
50%
Indianapolis Andrew “Roo” Yori
50%
Indianapolis Andrew Rowland
50%
Oklahoma City An Ly
50%
Philadelphia Anthony DeFranco
50%
Los Angeles Ben Antoine
50%
Indianapolis Ben Jackson
50%
Los Angeles Ben Melick
50%
Atlanta Bobby Bohannon
50%
Indianapolis Brandon Mears
50%
Philadelphia Brandon Pannell
50%
Atlanta Brent Ruffin
50%
Oklahoma City Brent Steffensen
50%
Atlanta Brett Sims
50%
Indianapolis Brian Arnold
50%
Oklahoma City Brian Burkhardt
50%
Oklahoma City Brian Doom
50%
Los Angeles Brian Kretsch
50%
Indianapolis Bryce Foley
50%
Atlanta Caleb Watson
50%
Philadelphia Carl Fantauzzo
50%
Atlanta Casey Suchocki
50%
Oklahoma City Cass Clawson
50%
Atlanta Chad Hohn
50%
Atlanta Chris Boehm
50%
Atlanta | Oklahoma City Chris Moore
50%
Philadelphia Chris Wilczewski
50%
Los Angeles Chris Workman
50%
Oklahoma City Clayton Wolf
50%
Indianapolis Dan Banura
50%
Atlanta Danny Adair
50%
Indianapolis Dan Polizzi
50%
Indianapolis Dan Yager
50%
Atlanta Drew Drechsel
50%
Indianapolis Dr. John Murray Adams
50%
Atlanta Eddy Stewart
50%
Indianapolis Eric Middleton
50%
Indianapolis Ethan Swanson
50%
Philadelphia Fabio Figueiredo
50%
Indianapolis Fred Thorne
50%
Los Angeles Gabe Hurtado
50%
Oklahoma City Geoff Lancaster
50%
Oklahoma City Grant Clinton
50%
Los Angeles Grant McCartney
50%
Philadelphia Greg Fleming
50%
Los Angeles Grey Kantor
50%
Oklahoma City Hamidulah Khazi
50%
Indianapolis Ian Dory
50%
Atlanta James McGrath
50%
Oklahoma City James Wyatt
50%
Oklahoma City Jared Bandy
50%
Atlanta Jeff Harvey
50%
Los Angeles Jerod Warf
50%
Los Angeles Jesse Cargill
50%
Los Angeles Jesse La Flair
50%
Oklahoma City Jessell Boseman
50%
Philadelphia John Gowder Jr.
50%
Atlanta Jo Jo Bynum
50%
Philadelphia Jon Alexis Jr.
50%
Los Angeles Jonathan Cunanan
50%
Atlanta Jonathan Ruiz
50%
Oklahoma City Jon Stewart
50%
Atlanta Joseph Greene II
50%
Los Angeles Josh Levin
50%
Los Angeles Justin Hillsten
50%
Atlanta Justin Maina
50%
Oklahoma City Karsten Williams
50%
Los Angeles K.C. Halik
50%
Atlanta Kenneth Niemitalo
50%
Indianapolis Kevin Hogan
50%
Oklahoma City Kyle Mendoza
50%
Philadelphia Lori Adams
50%
Atlanta Lucas Gomes
50%
Atlanta Mack Roesch
50%
Indianapolis Matt Wilder
50%
Indianapolis Meagan Martin
50%
Philadelphia Michelle Warnky
50%
Philadelphia Mike Bernardo
50%
Atlanta Mike Chick
50%
Philadelphia Mike Soria
50%
Philadelphia Miles Avery
50%
Oklahoma City Mitch VeDepo
50%
Los Angeles Natalie Duran
50%
Oklahoma City Nate Burkhalter
50%
Los Angeles Nicholas Coolridge
50%
Los Angeles Nick Hanson
50%
Philadelphia Nick Kostreski
50%
Indianapolis PJ Granger
50%
Oklahoma City Reid Pletcher
50%
Atlanta Reko Rivera
50%
Philadelphia Richard Shoemaker
50%
Atlanta Rodolfo Burgos
50%
Indianapolis Ryan Elliot
50%
Los Angeles Ryan Robinson
50%
Los Angeles Scott Willson
50%
Los Angeles Sean Bryan
50%
Los Angeles Steve Seiver
50%
Oklahoma City Sudul Diahkah
50%
Los Angeles Ted Jung
50%
Indianapolis Theodore “TC” Tronquet
50%
Oklahoma City Thomas Doweidt
50%
Philadelphia Tim Bream
50%
Atlanta Todd Bourgeois
50%
Atlanta Travis Rosen
50%
Oklahoma City Tremayne Dortch
50%
Philadelphia Tyler Cravens
50%
Atlanta Tyler Martin
50%
Indianapolis Tyler Yamauchi
50%
Philadelphia Yancey Quezada
50%
Atlanta Yuri Force
50%
Indianapolis Drew Knapp
0%
Indianapolis Jonathan Cooley
0%
Indianapolis Zack Kemmerer
0%
No matching quizzes found
Score Distribution
Percent of People with Each Score
Percentile by Number Answered
Your Score History
You have not taken this quiz